Team of the Tournament - Fußball-Europameisterschaft 2016 - Statistiken

Allgemein
  • Dieses Quiz wurde 86 mal gespielt
  • Das Durchschnittsergebnis liegt bei 7 aus 11
Antwortstatistiken
Position Nationalität Spieler % Korrekt
Stürmer Portugal Cristiano Ronaldo
100%
Abwehrspieler Deutschland Jérôme Boateng
92%
Abwehrspieler Portugal Pepe
85%
Mittelfeldspieler Frankreich Antoine Griezmann
80%
Mittelfeldspieler Deutschland Toni Kroos
75%
Abwehrspieler Deutschland Joshua Kimmich
73%
Torwart Portugal Rui Patrício
71%
Mittelfeldspieler Wales Aaron Ramsey
61%
Mittelfeldspieler Frankreich Dimitri Payet
25%
Abwehrspieler Portugal Raphaël Guerreiro
25%
Mittelfeldspieler Wales Joe Allen
9%
Keine übereinstimmenden Quizze gefunden
Verteilung der Resultate
Anzahl Personen mit jedem Resultat
Perzentil nach korrekt beantworteten Fragen
Ihre Resultats-Entwicklung
Sie haben dieses Quiz noch nicht gespielt